[Event "Lichtenrader Herbst"]
[Site "Berlin"]
[Date "2018.10.28"]
[Round "2.26"]
[White "Cusnariov, Nikolai"]
[Black "Barisch, Florian"]
[Result "1/2-1/2"]
[WhiteElo "2165"]
[BlackElo "1872"]
[PlyCount "86"]
[EventDate "2018.??.??"]
[WhiteTeam "USV Potsdam e.V., Abt. Schach"]

1. e4 c5 2. Nf3 d6 3. c3 Nf6 4. Be2 e6 5. O-O Be7 6. Re1 Nbd7 7. Bf1 O-O 8. d4
Qc7 9. e5 dxe5 10. dxe5 Nd5 11. c4 Nb4 12. Nc3 Rd8 13. Qe2 a6 14. Bf4 Nf8 15.
Rad1 Bd7 16. a3 Nc6 17. Nd5 Qb8 18. Nxe7+ Nxe7 19. Bg5 Re8 20. Bxe7 Rxe7 21.
Qe3 Qc7 22. Rd6 Be8 23. Ng5 b6 24. Ne4 Bc6 25. g3 Bxe4 26. Qxe4 Rd8 27. Red1
Red7 28. Qd3 h6 29. Bg2 Kh8 30. f4 Kg8 31. Be4 f5 32. Bf3 Kf7 33. Rxd7+ Rxd7
34. Qb3 Rxd1+ 35. Qxd1 Ke7 36. Qd3 Qd7 37. Qxd7+ Nxd7 38. h4 g6 39. Kf2 Nb8 40.
Ke3 Kd7 41. Kd3 Nc6 42. Bxc6+ Kxc6 43. Kc3 a5 1/2-1/2

[Event "Lichtenrader Herbst"]
[Site "Berlin"]
[Date "2018.10.28"]
[Round "2.27"]
[White "Grassi, Fabrizio"]
[Black "Nowka, Oliver"]
[Result "1-0"]
[WhiteElo "1896"]
[BlackElo "2095"]
[PlyCount "86"]
[EventDate "2018.??.??"]
[WhiteTeam "SV Berlin-Friedrichstadt"]
[BlackTeam "Thales (FV Schach)"]

1. d4 d5 2. Bf4 Bf5 3. c4 Nc6 4. Nc3 e6 5. a3 Nf6 6. e3 Be7 7. cxd5 Nxd5 8.
Nxd5 Qxd5 9. Nf3 Bd6 10. Bxd6 Qxd6 11. Bd3 Bxd3 12. Qxd3 O-O 13. Ng5 f5 14. Qc4
Rae8 15. f4 Qd5 16. Qe2 h6 17. Nf3 Kh7 18. Rc1 g5 19. fxg5 e5 20. dxe5 Qa5+ 21.
Qd2 Qxd2+ 22. Kxd2 Kg6 23. h4 f4 24. h5+ Kf5 25. exf4 Kxf4 26. Rh4+ Kg3 27.
Rcc4 Kxg2 28. Ne1+ Kf1 29. Rh1+ Kf2 30. Rh2+ Kf1 31. Rh1+ Kf2 32. Rg4 Rd8+ 33.
Nd3+ Kf3 34. Rgg1 Nxe5 35. Rh3+ Ke4 36. Re3+ Kd4 37. Rxe5 Rf2+ 38. Re2 Rxe2+
39. Kxe2 hxg5 40. Rg4+ Kd5 41. Rxg5+ Kc4 42. Rc5+ Kb3 43. Rxc7 b6 1-0

[Event "Lichtenrader Herbst"]
[Site "Berlin"]
[Date "2018.10.28"]
[Round "2.28"]
[White "Llopis de Aysa, Manuel"]
[Black "Schumann, Rabea"]
[Result "1-0"]
[WhiteElo "2092"]
[BlackElo "1903"]
[PlyCount "77"]
[EventDate "2018.??.??"]
[WhiteTeam "C.E. Montcada"]
[BlackTeam "SG Güstrow/Teterow"]

1. d4 d5 2. Bf4 Nf6 3. e3 Bf5 4. c4 e6 5. Nc3 c6 6. Qb3 Qb6 7. c5 Qxb3 8. axb3
Nbd7 9. b4 Be7 10. b5 cxb5 11. Bxb5 O-O 12. c6 bxc6 13. Bxc6 Rac8 14. Bxd7 Nxd7
15. Rxa7 Rfd8 16. Nge2 Bb4 17. Rb7 Bxc3+ 18. Nxc3 Bd3 19. Kd2 Ba6 20. Ra7 Ra8
21. Rxa8 Rxa8 22. Ra1 Bb7 23. Rxa8+ Bxa8 24. Bc7 Kf8 25. b4 Ke7 26. b5 Nf6 27.
Be5 Ne8 28. Na4 f6 29. Bg3 Nd6 30. Bxd6+ Kxd6 31. Nc5 e5 32. Kc3 Kc7 33. Kb4
Kb6 34. g3 exd4 35. exd4 f5 36. f4 h6 37. Na4+ Kc7 38. Kc5 g5 39. Nc3 1-0

[Event "Lichtenrader Herbst"]
[Site "Berlin"]
[Date "2018.10.28"]
[Round "2.29"]
[White "Thesing, Ansgar"]
[Black "Federau, Juergen"]
[Result "1/2-1/2"]
[WhiteElo "1896"]
[BlackElo "2116"]
[PlyCount "108"]
[EventDate "2018.??.??"]
[WhiteTeam "SC Kreuzberg e.V."]
[BlackTeam "SC Kreuzberg e.V."]

1. e4 e5 2. Nf3 Nf6 3. Nxe5 d6 4. Nf3 Nxe4 5. d4 d5 6. Bd3 Nd6 7. O-O Be7 8.
Bf4 O-O 9. c3 Re8 10. Qc2 g6 11. Nbd2 Nd7 12. Rfe1 Nf8 13. h3 Ne6 14. Bh2 Ng7
15. Re2 Bf8 16. Rxe8 Ngxe8 17. Re1 Bf5 18. Bxf5 Nxf5 19. Qb3 b6 20. Ne5 Ne7 21.
Qa4 a6 22. Qd1 f6 23. Ng4 Kg7 24. Bf4 Ng8 25. Qf3 c6 26. Re6 Qd7 27. Re3 h5 28.
Nh2 Bd6 29. Bxd6 Nxd6 30. Qe2 Re8 31. Nhf3 Rxe3 32. Qxe3 Qe7 33. Qxe7+ Nxe7 34.
g4 hxg4 35. hxg4 g5 36. Ne1 Ng6 37. Nd3 a5 38. f3 Nc4 39. Nxc4 dxc4 40. Nc1 Nf4
41. Kf2 a4 42. Ke3 Kf7 43. a3 Ke6 44. Kd2 Kd5 45. Ke3 Ng2+ 46. Kf2 Nf4 47. Ke3
b5 48. Kd2 c5 49. dxc5 Kxc5 50. Ke3 Kd5 51. Kd2 Ke5 52. Ke3 Nd5+ 53. Kf2 Nf4
54. Ke3 Nd5+ 1/2-1/2

[Event "Lichtenrader Herbst"]
[Site "Berlin"]
[Date "2018.10.28"]
[Round "2.30"]
[White "Feil, Stephan"]
[Black "Kopischke, Maik"]
[Result "1-0"]
[WhiteElo "2082"]
[BlackElo "1761"]
[PlyCount "89"]
[EventDate "2018.??.??"]
[WhiteTeam "SK 1962 Ladenburg"]
[BlackTeam "SC Zugzwang 95 e.V."]

1. e4 c6 2. d4 d5 3. e5 Bf5 4. Nf3 e6 5. Be2 c5 6. Be3 Qb6 7. Nc3 Nc6 8. O-O
Qxb2 9. Nb5 c4 10. Nc7+ Kd7 11. Nxa8 Bxc2 12. Rb1 Bxb1 13. Qxb1 Ba3 14. Bxc4
dxc4 15. d5 Nb4 16. dxe6+ fxe6 17. Qe4 Nd5 18. Rb1 Qxa2 19. Rxb7+ Kc8 20. Rb1
Nge7 21. Bxa7 Bb2 22. Nb6+ Nxb6 23. Bxb6 Nd5 24. Nd4 Bxd4 25. Bxd4 Kc7 26. Ra1
Qb3 27. Qg4 Re8 28. Qxg7+ Re7 29. Qf8 c3 30. Qa8 Qb8 31. Ra7+ Kc8 32. Qc6+ Nc7
33. g3 Rd7 34. Be3 Kd8 35. Qxc3 Qb1+ 36. Kg2 Qe4+ 37. f3 Qd5 38. Rxc7 Rxc7 39.
Bb6 Qa2+ 40. Kh3 Qb1 41. Qxc7+ Ke8 42. Qd8+ Kf7 43. Qf6+ Kg8 44. Qxe6+ Kh8 45.
Bd8 1-0

[Event "Lichtenrader Herbst"]
[Site "Berlin, Germany"]
[Date "2018.10.29"]
[Round "3.1"]
[White "Stern, Rene"]
[Black "Schnabel, Ralf"]
[Result "1/2-1/2"]
[WhiteElo "2527"]
[BlackElo "2202"]
[PlyCount "98"]
[EventDate "2018.??.??"]

1. Nf3 Nf6 2. c4 g6 3. Nc3 d5 4. e3 Bg7 5. Qb3 e6 6. Qa3 c6 7. d4 Nbd7 8. Be2
Ng8 9. O-O Ne7 10. cxd5 exd5 11. b4 b5 12. Qb3 Nb6 13. a4 a6 14. Ne5 O-O 15.
Nd3 Nf5 16. Nc5 Nd6 17. Nd1 Re8 18. Re1 Bf5 19. Nb2 h5 20. Nbd3 Nbc4 21. Ra2
Re7 22. Bf1 Qe8 23. Rae2 Kh7 24. a5 Bxd3 25. Qxd3 f5 26. f3 Qh8 27. g3 Nb7 28.
Nb3 Rd8 29. Bg2 Red7 30. Bd2 Nxd2 31. Rxd2 Bf8 32. Qc3 Qf6 33. Nc1 Rd6 34. Nd3
Re6 35. Rb2 Rde8 36. Rbe2 Bg7 37. Ne5 Qf8 38. f4 Bf6 39. Rc2 Be7 40. Nxc6 Rc8
41. Bxd5 Rexc6 42. Bxc6 Bxb4 43. Qd3 Bxe1 44. Bxb7 Rxc2 45. Qxc2 Qe7 46. Bxa6
Qxe3+ 47. Kg2 Qxd4 48. Kh3 Bxa5 49. Bxb5 Qf6 1/2-1/2

[Event "Lichtenrader Herbst"]
[Site "Berlin, Germany"]
[Date "2018.10.29"]
[Round "3.2"]
[White "Juhnke, Juergen"]
[Black "Starostits, Ilmars"]
[Result "0-1"]
[WhiteElo "2228"]
[BlackElo "2454"]
[PlyCount "114"]
[EventDate "2018.??.??"]

1. e4 c5 2. Nf3 Nc6 3. d4 cxd4 4. Nxd4 Qb6 5. Nb3 Nf6 6. Nc3 e6 7. Be3 Qc7 8.
f4 Bb4 9. Bd3 d5 10. e5 Ne4 11. Bxe4 dxe4 12. O-O Bxc3 13. bxc3 b6 14. Qg4 O-O
15. Nd2 Ne7 16. Nxe4 Bb7 17. Nf6+ Kh8 18. Nh5 Nf5 19. Bd4 Rfd8 20. Rad1 Qc4 21.
Ng3 Rxd4 22. cxd4 Ne3 23. Qe2 Qxe2 24. Nxe2 Bxg2 25. Rfe1 Nxd1 26. Rxd1 Bd5 27.
Nc3 Rc8 28. Rd3 Bb7 29. Re3 g6 30. Kf2 Kg7 31. Ke2 h6 32. h4 Ba6+ 33. Kf3 Bb7+
34. Ke2 b5 35. Kd2 a6 36. Ne2 Bd5 37. Nc3 Rc4 38. Nxd5 Rxd4+ 39. Rd3 Rxd5 40.
Rxd5 exd5 41. Kc3 f6 42. Kd4 fxe5+ 43. Kxe5 d4 44. Kxd4 Kf6 45. c4 bxc4 46.
Kxc4 Kf5 47. Kc5 Kxf4 48. Kb6 g5 49. hxg5 hxg5 50. Kxa6 g4 51. a4 g3 52. a5 g2
53. Kb7 g1=Q 54. a6 Qg7+ 55. Kb8 Qf8+ 56. Kb7 Qe7+ 57. Kb8 Qe8+ 0-1

[Event "Lichtenrader Herbst"]
[Site "Berlin, Germany"]
[Date "2018.10.29"]
[Round "3.3"]
[White "Wierzbicki, Jirawat"]
[Black "Rakotomaharo, Fy Antenaina"]
[Result "1/2-1/2"]
[WhiteElo "2199"]
[BlackElo "2422"]
[PlyCount "88"]
[EventDate "2018.??.??"]

1. e4 g6 2. d4 Bg7 3. c3 d6 4. Nf3 Nf6 5. Bd3 O-O 6. O-O Nc6 7. Nbd2 e5 8. h3
a5 9. a4 exd4 10. Nxd4 Nd7 11. Nxc6 bxc6 12. Nf3 Ba6 13. Be3 c5 14. Bxa6 Rxa6
15. Nd2 Qb8 16. Qc2 Qb7 17. Rfe1 Raa8 18. b3 Rae8 19. Rad1 Re6 20. f3 Rb8 21.
Rb1 Rbe8 22. Nc4 Qa8 23. Bf2 c6 24. Qd2 d5 25. exd5 cxd5 26. Na3 Qc6 27. Nb5
Nb6 28. Rxe6 fxe6 29. Kh1 Kh8 30. Qe3 Nd7 31. Rd1 Rf8 32. Bg3 e5 33. Qd2 d4 34.
cxd4 cxd4 35. Rc1 Qd5 36. Qxa5 Bh6 37. Rb1 Rxf3 38. gxf3 Qxf3+ 39. Kh2 Qe2+ 40.
Kg1 Be3+ 41. Kh1 Qf3+ 42. Kh2 Qe2+ 43. Kh1 Qf3+ 44. Kh2 Qe2+ 1/2-1/2

[Event "Lichtenrader Herbst"]
[Site "Berlin, Germany"]
[Date "2018.10.29"]
[Round "3.4"]
[White "Bruedigam, Martin"]
[Black "Lachmann, Utz"]
[Result "1-0"]
[WhiteElo "2392"]
[BlackElo "2191"]
[PlyCount "153"]
[EventDate "2018.??.??"]

1. e4 c6 2. d4 d5 3. exd5 cxd5 4. Bd3 Nc6 5. c3 Nf6 6. h3 e5 7. dxe5 Nxe5 8.
Nf3 Bd6 9. Nxe5 Bxe5 10. O-O O-O 11. Nd2 Bc7 12. Re1 Qd6 13. Nf1 Bd7 14. Bg5
Bc6 15. Be3 Rfe8 16. Bd4 Rxe1 17. Qxe1 Re8 18. Qd1 Qf4 19. Qd2 a6 20. Qxf4 Bxf4
21. g3 Be5 22. Bxe5 Rxe5 23. Ne3 Kf8 24. Rd1 g6 25. h4 h5 26. Nc2 a5 27. f3 Nd7
28. Kf2 Nc5 29. Nd4 Re7 30. Rd2 Ne6 31. Nxe6+ Rxe6 32. Bf1 Ke7 33. Bh3 f5 34.
Re2 Bb5 35. Rxe6+ Kxe6 36. Ke3 a4 37. b3 axb3 38. axb3 b6 39. Kd4 Be2 40. Bg2
Bd1 41. b4 Be2 42. Ke3 Bc4 43. Kf4 Kf6 44. Bh3 Be2 45. Ke3 Bc4 46. Kd4 Ke6 47.
g4 hxg4 48. fxg4 fxg4 49. Bxg4+ Kf6 50. Bd7 Bb3 51. Be8 Bc4 52. Bd7 Ke7 53. Bc6
Ke6 54. Bb7 Kd6 55. Ba8 Ke6 56. Bc6 Bb3 57. Be8 Kf6 58. Bb5 Ke6 59. c4 dxc4 60.
Bxc4+ Bxc4 61. Kxc4 Kd6 62. Kd4 Ke6 63. Ke4 b5 64. Kd4 Kd6 65. Ke4 Ke6 66. Kf4
Kf6 67. Kg4 Kf7 68. Kf3 Kf6 69. Kf4 Ke6 70. Ke4 Kd6 71. Kd4 Ke6 72. Kc5 Kf5 73.
Kxb5 Kg4 74. Kc4 Kxh4 75. b5 g5 76. b6 g4 77. b7 1-0

[Event "Lichtenrader Herbst"]
[Site "Berlin"]
[Date "2018.10.29"]
[Round "3.5"]
[White "Stets, Dmitry"]
[Black "Llopis de Aysa, Manuel"]
[Result "1/2-1/2"]
[WhiteElo "2364"]
[BlackElo "2092"]
[PlyCount "152"]
[EventDate "2018.??.??"]
[WhiteTeam "SF Gerresheim 86 e.V."]
[BlackTeam "C.E. Montcada"]

1. e4 g6 2. d4 Bg7 3. Nf3 d6 4. Bc4 Nf6 5. Nc3 O-O 6. Bb3 Nc6 7. h3 e5 8. dxe5
Nxe5 9. O-O Nxf3+ 10. Qxf3 Qe7 11. Bg5 c6 12. Rfe1 h6 13. Bh4 g5 14. Bg3 Nd7
15. Qh5 Ne5 16. Ne2 Kh7 17. Nd4 Be6 18. Rad1 Rad8 19. c3 Qf6 20. f3 Rfe8 21. h4
Qg6 22. Qxg6+ Kxg6 23. Bf2 a6 24. Nxe6 fxe6 25. Bb6 Rd7 26. hxg5 hxg5 27. Kf2
Kf7 28. Be3 Bf6 29. Rh1 Kg6 30. Ke2 b5 31. Bc2 Kg7 32. Rh5 Rh8 33. Rdh1 Rxh5
34. Rxh5 Kg6 35. Rh1 Rh7 36. Rd1 Rd7 37. g3 Kf7 38. f4 gxf4 39. gxf4 Ng6 40. e5
Be7 41. Rh1 Nf8 42. f5 exf5 43. Bxf5 Rd8 44. Bb6 Re8 45. Rh6 Bg5 46. e6+ Kg7
47. Rh1 Nxe6 48. Kd1 Kf6 49. Rf1 Rh8 50. Bg4+ Ke7 51. Re1 Rh6 52. Bxe6 Rxe6 53.
Bd8+ Kxd8 54. Rxe6 Kc7 55. Ke2 Bf4 56. Kf3 Be5 57. Ke4 a5 58. Rxe5 dxe5 59.
Kxe5 a4 60. Ke6 Kb7 61. Kd7 Kb6 62. Kd6 Kb7 63. Kc5 Kc7 64. c4 bxc4 65. Kxc4 a3
66. b3 Kb6 67. Kb4 c5+ 68. Kxa3 Kb5 69. Kb2 c4 70. Kc3 cxb3 71. axb3 Kc5 72.
b4+ Kb5 73. Kb3 Kb6 74. Kc4 Kc6 75. b5+ Kb6 76. Kb4 Kb7 1/2-1/2

[Event "Lichtenrader Herbst"]
[Site "Berlin"]
[Date "2018.10.29"]
[Round "3.6"]
[White "Feil, Stephan"]
[Black "Biriukov, Nikolai"]
[Result "0-1"]
[WhiteElo "2084"]
[BlackElo "2357"]
[PlyCount "104"]
[EventDate "2018.??.??"]
[WhiteTeam "SK 1962 Ladenburg"]
[BlackTeam "Bahn-SC Wuppertal"]

1. e4 c5 2. Nf3 a6 3. b4 cxb4 4. a3 b3 5. cxb3 d5 6. exd5 Nf6 7. Nc3 g6 8. a4
Bg7 9. Bc4 b6 10. Ba3 O-O 11. O-O Ne8 12. Qe2 Nd6 13. Rfe1 Ra7 14. Rac1 Rc7 15.
Qe3 Rb7 16. Ne5 Bxe5 17. Qxe5 b5 18. axb5 axb5 19. Nxb5 Nxb5 20. Bb2 f6 21. d6+
e6 22. Bxe6+ Bxe6 23. Qxe6+ Rbf7 24. Qd5 Qb6 25. Bxf6 Qb7 26. Qxb7 Rxb7 27. Re7
Nxd6 28. Rxb7 Nxb7 29. Be5 Nd7 30. f4 Nbc5 31. Bd6 Rf5 32. g3 Rd5 33. Bxc5 Nxc5
34. Kf1 Nxb3 35. Rd1 Rxd2 36. Rxd2 Nxd2+ 37. Ke2 Nb3 38. Ke3 Kf7 39. h3 Kf6 40.
Kd3 Kf5 41. Ke3 Nc5 42. Kf3 Nd7 43. g4+ Kf6 44. Ke4 Nc5+ 45. Ke3 Ke6 46. Kd4
Nd7 47. Ke4 Kd6 48. f5 g5 49. h4 h6 50. hxg5 hxg5 51. f6 Ke6 52. f7 Nf6+ 0-1

[Event "Lichtenrader Herbst"]
[Site "Berlin"]
[Date "2018.10.29"]
[Round "3.7"]
[White "Florstedt, Johannes"]
[Black "Krefenstein, Sergej"]
[Result "1-0"]
[WhiteElo "2314"]
[BlackElo "2077"]
[PlyCount "55"]
[EventDate "2018.??.??"]
[WhiteTeam "SF Berlin 1903 e.V."]
[BlackTeam "TuS Makkabi Berlin e.V."]

1. e4 c6 2. d4 d5 3. e5 Bf5 4. h4 h5 5. Bd3 Bxd3 6. Qxd3 e6 7. Bg5 Be7 8. Nf3
Nh6 9. Nc3 Nf5 10. Ne2 Qa5+ 11. c3 Qa6 12. Qd2 Nd7 13. Bxe7 Nxe7 14. O-O Nf5
15. Ng3 O-O-O 16. Nxf5 exf5 17. Qf4 Qb6 18. Ng5 Rdf8 19. Qxf5 g6 20. Qh3 f5 21.
exf6 Rxf6 22. Rae1 Rf5 23. Re6 Qxb2 24. Qg3 Rf6 25. Rxf6 Nxf6 26. Qe5 Rf8 27.
Qd6 Nd7 28. Ne6 1-0

[Event "Lichtenrader Herbst"]
[Site "Berlin"]
[Date "2018.10.29"]
[Round "3.8"]
[White "Rettore, Ludwig"]
[Black "Glantz, Robert"]
[Result "0-1"]
[WhiteElo "2076"]
[BlackElo "2245"]
[PlyCount "122"]
[EventDate "2018.??.??"]
[WhiteTeam "Il Castalletto"]
[BlackTeam "SC Kreuzberg"]

1. Nf3 d5 2. d4 Nf6 3. Nbd2 e6 4. e3 Be7 5. Bd3 O-O 6. O-O c5 7. c3 b6 8. e4
Ba6 9. Bxa6 Nxa6 10. e5 Nd7 11. Re1 Nab8 12. Nf1 Nc6 13. Bf4 b5 14. Ng3 Kh8 15.
h4 Bxh4 16. Kh2 g5 17. Be3 g4 18. Nd2 Rg8 19. Rh1 Ne7 20. Nh5 Nf5 21. g3 Bg5
22. Nf4 Bxf4 23. Bxf4 cxd4 24. cxd4 Nxd4 25. Kg2 Nf5 26. Nb3 Qb6 27. Rh5 Rac8
28. Qd2 Rg7 29. Rah1 Kg8 30. Bh6 Nxe5 31. Qe2 Nxh6 32. Qxe5 Nf5 33. Rc1 Rxc1
34. Nxc1 Qd8 35. Nd3 Rg5 36. Rxg5+ Qxg5 37. Qb8+ Kg7 38. Qxa7 Qf6 39. Nf4 Qe7
40. Qb8 Nd6 41. b3 d4 42. Kf1 e5 43. Nd5 Qd7 44. a4 bxa4 45. bxa4 Nc4 46. Qg8+
Kxg8 47. Nf6+ Kf8 48. Nxd7+ Ke7 49. Nc5 f5 50. Nb3 Kd6 51. Ke2 Nb2 52. a5 Kc6
53. f4 gxf3+ 54. Kxf3 Kb5 55. g4 fxg4+ 56. Kxg4 Nc4 57. Kf5 Nxa5 58. Nd2 Nc4
59. Nf3 Kb4 60. Ke4 Kc3 61. Ne1 h6 0-1

[Event "Lichtenrader Herbst"]
[Site "Berlin"]
[Date "2018.10.29"]
[Round "3.9"]
[White "Boettcher, Patrick"]
[Black "Schmuecker, Marcus"]
[Result "1-0"]
[WhiteElo "2015"]
[BlackElo "2249"]
[PlyCount "87"]
[EventDate "2018.??.??"]
[WhiteTeam "SC Zitadelle Spandau 1977 e.V."]
[BlackTeam "SV Hemer 1932"]

1. Nf3 d5 2. d4 Nf6 3. c4 e6 4. Nc3 Bb4 5. e3 O-O 6. Bd3 dxc4 7. Bxc4 Nc6 8.
O-O a6 9. h3 Bd6 10. b3 e5 11. dxe5 Nxe5 12. Nxe5 Bxe5 13. Bb2 Qe7 14. Qe2 Bf5
15. Rfd1 Rad8 16. Nd5 Nxd5 17. Bxd5 c6 18. Bf3 Bb8 19. Bg4 Be4 20. Bf3 b5 21.
Bxe4 Qxe4 22. Rd4 Rxd4 23. Bxd4 c5 24. Bb2 Rc8 25. Qg4 Qxg4 26. hxg4 c4 27.
bxc4 bxc4 28. Rc1 f6 29. f4 Kf7 30. Kf2 Ke6 31. Bc3 Ba7 32. Rd1 g6 33. Kf3 f5
34. gxf5+ gxf5 35. g4 fxg4+ 36. Kxg4 Rg8+ 37. Kf3 h6 38. e4 Bg1 39. f5+ Ke7 40.
Bb4+ Ke8 41. Rd6 h5 42. Rxa6 Bd4 43. e5 Rg1 44. e6 1-0

[Event "Lichtenrader Herbst"]
[Site "Berlin"]
[Date "2018.10.29"]
[Round "3.10"]
[White "Haugli, Petter"]
[Black "Tscheuschner, Georg"]
[Result "1/2-1/2"]
[WhiteElo "2238"]
[BlackElo "2058"]
[PlyCount "61"]
[EventDate "2018.??.??"]
[WhiteTeam "Moss Schakklub"]
[BlackTeam "SV Mattnetz Berlin e.V."]

1. c4 c5 2. Nc3 Nc6 3. g3 g6 4. Bg2 Bg7 5. Nf3 e6 6. d4 cxd4 7. Nb5 d5 8. cxd5
Qa5+ 9. Nd2 Qxb5 10. dxc6 Ne7 11. a4 Qb4 12. b3 bxc6 13. Ba3 Qb7 14. Nc4 O-O
15. Na5 Qc7 16. O-O Qxa5 17. Bxe7 Re8 18. Bxc6 Bb7 19. Bxb7 Rab8 20. b4 Qe5 21.
Bc6 Rxe7 22. b5 Qc7 23. Qd3 a5 24. Rac1 Qb6 25. Rc4 Rc8 26. Rfc1 Rec7 27. Bf3
Rxc4 28. Rxc4 Rxc4 29. Qxc4 Bf6 30. Qc6 Qxc6 31. bxc6 1/2-1/2

[Event "Lichtenrader Herbst"]
[Site "Berlin"]
[Date "2018.10.29"]
[Round "3.11"]
[White "Polatel, Ali"]
[Black "Wiegand, Christian"]
[Result "1/2-1/2"]
[WhiteElo "2210"]
[BlackElo "1866"]
[PlyCount "180"]
[EventDate "2018.??.??"]
[WhiteTeam "SC Zugzwang 95 e.V."]
[BlackTeam "SK Duderstadt"]

1. Nf3 c5 2. c4 Nc6 3. d4 cxd4 4. Nxd4 Nf6 5. Nc3 e6 6. g3 Qb6 7. Ndb5 d5 8.
cxd5 Bc5 9. e3 Nxd5 10. Bg2 O-O 11. O-O Nxc3 12. Nxc3 Rd8 13. Qe2 Be7 14. b3
Bf6 15. Bb2 Qb4 16. Rfd1 Bd7 17. Ne4 Bxb2 18. Qxb2 Be8 19. a3 Qe7 20. b4 Rxd1+
21. Rxd1 Rd8 22. Rc1 Nb8 23. b5 b6 24. h4 h6 25. a4 Qd7 26. Bf3 a6 27. a5 bxa5
28. b6 Qb5 29. Qxb5 axb5 30. b7 Kf8 31. Nd6 Bd7 32. Rc5 Ke7 33. Nc8+ Kf8 34.
Nd6 Ke7 35. Nc8+ Kf8 36. Na7 Ke7 37. Rc7 Kd6 38. Rc1 a4 39. Be2 b4 40. Nc8+ Ke5
41. Nb6 Kf6 42. Rc4 a3 43. Rxb4 a2 44. Nxd7+ Rxd7 45. Rf4+ Ke7 46. Ra4 Rxb7 47.
Rxa2 Nd7 48. f4 Kf6 49. Ra5 Rb1+ 50. Kf2 Rb7 51. g4 g6 52. Kf3 Rc7 53. h5 Nc5
54. hxg6 Kxg6 55. Ra1 Nd7 56. Rd1 Nf6 57. Rd8 Ra7 58. Rd6 Ra5 59. Bc4 Kg7 60.
Rb6 Rc5 61. Bb3 Nd5 62. Rb7 Kf6 63. Rd7 Nb6 64. Rd3 Nc8 65. e4 Rc7 66. e5+ Kg6
67. Ba2 h5 68. gxh5+ Kxh5 69. Ke4 Ne7 70. Rg3 Kh6 71. Bb1 Nf5 72. Rg1 Rc3 73.
Bd3 Ra3 74. Rg8 Kh7 75. Rd8 Kg7 76. Rd7 Kf8 77. Rb7 Rc3 78. Rb8+ Kg7 79. Rb1
Ra3 80. Rg1+ Kf8 81. Rd1 Rc3 82. Rd2 Ra3 83. Kf3 Ne7 84. Kg4 Ra4 85. Kg5 Rd4
86. Rd1 Nd5 87. Bc2 Rxd1 88. Bxd1 Ke7 89. Bb3 Nxf4 90. Kxf4 f6 1/2-1/2

[Event "Lichtenrader Herbst"]
[Site "Berlin"]
[Date "2018.10.29"]
[Round "3.12"]
[White "Noetzel, Felix"]
[Black "Grassi, Fabrizio"]
[Result "1-0"]
[WhiteElo "2183"]
[BlackElo "1853"]
[PlyCount "71"]
[EventDate "2018.??.??"]
[WhiteTeam "SF Berlin 1903 e.V."]
[BlackTeam "SV Berlin-Friedrichstadt"]

1. e4 d5 2. exd5 Nf6 3. d4 Nxd5 4. Nf3 Bg4 5. h3 Bh5 6. c4 Nb6 7. Nc3 e6 8. g4
Bg6 9. Ne5 c5 10. d5 exd5 11. Nxg6 hxg6 12. cxd5 Bd6 13. Qe2+ Kf8 14. Be3 N8d7
15. O-O-O Rc8 16. Kb1 c4 17. Bg2 Ne5 18. Be4 Bb4 19. Bd4 Qe7 20. a3 Bxc3 21.
Bxc3 Na4 22. Bb4 Nc5 23. f4 Ned3 24. Bxd3 cxd3 25. Qf2 Qd6 26. Rxd3 a5 27. Bxc5
Rxc5 28. Rhd1 f6 29. Qe3 Kg8 30. Qe8+ Kh7 31. Qf7 Rhc8 32. f5 R8c7 33. Qe6 Qf4
34. d6 Rc1+ 35. Ka2 Rxd1 36. Rxd1 1-0

[Event "Lichtenrader Herbst"]
[Site "Berlin"]
[Date "2018.10.29"]
[Round "3.13"]
[White "Brustkern, Juergen"]
[Black "Kievelitz, Bernd"]
[Result "1-0"]
[WhiteElo "2176"]
[BlackElo "1811"]
[PlyCount "51"]
[EventDate "2018.??.??"]
[WhiteTeam "SK Zehlendorf e.V."]
[BlackTeam "SC Zitadelle Spandau 1977 e.V."]

1. e4 c5 2. c3 Nf6 3. e5 Nd5 4. d4 cxd4 5. cxd4 e6 6. Nf3 b6 7. Nc3 Nxc3 8.
bxc3 Qc7 9. Bd2 Bb7 10. Bd3 Be7 11. O-O O-O 12. Ng5 Bxg5 13. Bxg5 f5 14. exf6
gxf6 15. Bh6 Rf7 16. Qg4+ Kh8 17. Qh5 d6 18. Rae1 Qe7 19. Re3 Nd7 20. Rfe1 e5
21. Bf5 Rg8 22. g3 Bd5 23. Qh3 Nf8 24. f4 Ng6 25. c4 Bxc4 26. Bxg6 1-0

[Event "Lichtenrader Herbst"]
[Site "Berlin"]
[Date "2018.10.29"]
[Round "3.15"]
[White "Albrecht, Rainer"]
[Black "Kurayan, Ruslan"]
[Result "0-1"]
[WhiteElo "2013"]
[BlackElo "2367"]
[PlyCount "60"]
[EventDate "2018.??.??"]
[WhiteTeam "SC Kreuzberg e.V."]
[BlackTeam "SF Gerresheim 86 e.V."]

1. b3 d6 2. e3 Nf6 3. Bb2 Nbd7 4. d4 g6 5. Nf3 Bg7 6. c4 O-O 7. Be2 Re8 8. Nc3
e5 9. Qc2 Nf8 10. dxe5 dxe5 11. Rd1 Bd7 12. O-O e4 13. Nd2 Qe7 14. Ndb1 c6 15.
a3 Qc5 16. b4 Qg5 17. Kh1 Qh4 18. Kg1 Ng4 19. h3 Nf6 20. c5 Bf5 21. Qc1 Ne6 22.
f4 exf3 23. Bxf3 Ng5 24. Ne2 Bxb1 25. Qxb1 Rxe3 26. Nd4 Qg3 27. Kh1 Rae8 28. a4
Ng4 29. Bxg4 Be5 30. Kg1 Qh2+ 0-1

[Event "Lichtenrader Herbst"]
[Site "Berlin"]
[Date "2018.10.29"]
[Round "3.16"]
[White "Baum, Jonasz"]
[Black "Dathe, Frederick"]
[Result "1-0"]
[WhiteElo "2273"]
[BlackElo "2005"]
[PlyCount "35"]
[EventDate "2018.??.??"]
[BlackTeam "SC Kreuzberg e.V."]

1. e4 c5 2. Nf3 Nc6 3. Nc3 g6 4. d4 cxd4 5. Nxd4 Bg7 6. Nb3 Nf6 7. Be2 O-O 8.
O-O d6 9. Re1 Be6 10. Bf1 a5 11. a4 Rc8 12. Bg5 Re8 13. Bb5 Bd7 14. Qe2 Nb4 15.
Rad1 Bxb5 16. Qxb5 Nxc2 17. Re2 Nb4 18. e5 1-0

[Event "Lichtenrader Herbst"]
[Site "Berlin"]
[Date "2018.10.29"]
[Round "3.17"]
[White "Woerz, Markus"]
[Black "Stigar, Petter"]
[Result "1/2-1/2"]
[WhiteElo "1908"]
[BlackElo "2190"]
[PlyCount "57"]
[EventDate "2018.??.??"]
[WhiteTeam "SC Kreuzberg e.V."]
[BlackTeam "SK 96"]

1. e4 c5 2. Nc3 Nc6 3. g3 g6 4. Bg2 Bg7 5. d3 d6 6. Nge2 e5 7. Nd5 Nge7 8. Bg5
h6 9. Bf6 Bxf6 10. Nxf6+ Kf8 11. f4 Kg7 12. fxe5 Nxe5 13. O-O Ng4 14. Nxg4 Bxg4
15. Rf4 Qd7 16. Qd2 Rhf8 17. c3 Nc6 18. Rd1 Rae8 19. d4 cxd4 20. cxd4 Bxe2 21.
Qxe2 Qc7 22. Qd2 Qb6 23. Rf2 f6 24. a3 a5 25. Qd3 Rc8 26. Bh3 Rce8 27. Bg2 Rc8
28. Bh3 Rce8 29. Bg2 1/2-1/2

[Event "Lichtenrader Herbst"]
[Site "Berlin"]
[Date "2018.10.29"]
[Round "3.18"]
[White "Bartoszewski-Reiski, Olaf"]
[Black "Bekasovs, Rihards"]
[Result "0-1"]
[WhiteElo "1900"]
[BlackElo "2182"]
[PlyCount "168"]
[EventDate "2018.??.??"]
[WhiteTeam "Korona Gdansk"]
[BlackTeam "Riga Chess School"]

1. e4 c6 2. Nc3 d5 3. Nf3 dxe4 4. Nxe4 Nd7 5. Bc4 e6 6. d4 Ngf6 7. Nxf6+ Nxf6
8. O-O Be7 9. c3 O-O 10. Bf4 b6 11. Ne5 Bb7 12. Ng4 Rc8 13. Nxf6+ Bxf6 14. Bb3
Re8 15. Qg4 c5 16. dxc5 Rxc5 17. Rad1 Qa8 18. h4 h5 19. Qg3 Bd5 20. Bc2 Be4 21.
Bxe4 Qxe4 22. Rfe1 Qa4 23. Rd2 Rf5 24. Bg5 Bxg5 25. hxg5 g6 26. Red1 e5 27. Rd6
Qxa2 28. Rf6 Rxf6 29. gxf6 Qe6 30. Qg5 Kh7 31. Rd3 Qf5 32. Qxf5 gxf5 33. Rd7
Kg6 34. Rxa7 Rd8 35. Rb7 Rd6 36. Kf1 Kxf6 37. Ke2 Kg6 38. b4 f6 39. c4 Rd4 40.
c5 bxc5 41. bxc5 Rc4 42. Rc7 e4 43. c6 f4 44. Rc8 Kf5 45. c7 h4 46. Rh8 Rxc7
47. Rxh4 Rc2+ 48. Ke1 e3 49. fxe3 fxe3 50. g3 Rg2 51. Rf4+ Kg5 52. Rf3 f5 53.
Rxe3 Kg4 54. Rb3 Rxg3 55. Rb4+ f4 56. Kf2 Ra3 57. Rb2 Rh3 58. Rb7 Rh2+ 59. Kg1
Re2 60. Kf1 Kf3 61. Rb4 Rf2+ 62. Kg1 Re2 63. Kf1 Re3 64. Rb2 Ra3 65. Rf2+ Kg3
66. Rg2+ Kf3 67. Rf2+ Ke4 68. Re2+ Kf5 69. Rb2 Kg4 70. Kf2 Rh3 71. Rb7 Rh2+ 72.
Kg1 Rd2 73. Kf1 Kg3 74. Ke1 Ra2 75. Kf1 Ra1+ 76. Ke2 f3+ 77. Kd2 Kf2 78. Rh7
Ra8 79. Rh2+ Kg1 80. Rh7 Re8 81. Rg7+ Kf1 82. Rf7 f2 83. Rg7 Rd8+ 84. Ke3 Ke1
0-1

[Event "Lichtenrader Herbst"]
[Site "Berlin"]
[Date "2018.10.29"]
[Round "3.20"]
[White "Maetzkow, Maximilian Paul"]
[Black "Buttkus, Andre"]
[Result "1-0"]
[WhiteElo "2138"]
[BlackElo "1948"]
[PlyCount "53"]
[EventDate "2018.??.??"]
[WhiteTeam "ESV 1949 Eberswalde e.V."]
[BlackTeam "SK Tempelhof 1931 e.V."]

1. e4 c5 2. Nf3 g6 3. d4 cxd4 4. Nxd4 Bg7 5. Nc3 Nc6 6. Be3 Nf6 7. Bc4 Qa5 8.
O-O O-O 9. Bb3 d6 10. f3 Bd7 11. Qd2 Rfc8 12. Nxc6 bxc6 13. Rae1 Be8 14. Bh6
Bh8 15. Nd5 Qd8 16. Nxf6+ Bxf6 17. f4 Qb6+ 18. Kh1 Qd4 19. Qe2 Qxb2 20. e5 Bg7
21. Bxg7 Kxg7 22. exd6 exd6 23. f5 Qf6 24. fxg6 Qxg6 25. Rf3 Kh8 26. Rg3 Qf6
27. Qg4 1-0